Video Game Characters by Picture - Statistics

General Stats
  • This quiz has been taken 82 times
  • The average score is 12 of 43
Answer Stats
Picture Answer % Correct
Master Chief
83%
Crash Bandicoot
78%
Link
78%
Steve
75%
Kratos
72%
Spyro
67%
Megaman
58%
Arthur Morgan
56%
Doom Slayer
56%
Rayman
48%
Agent 47
45%
Simon Riley
45%
John Marston
42%
Trevor Phillips
42%
Pyramid Head
41%
Duke Nukem
38%
Sam
34%
Captain Price
31%
Geralt of Rivia
31%
Amy Rose
28%
Ciri
19%
Ezio Auditore
19%
Prince
16%
Sam Fisher
16%
Abe
13%
Red Harlow
13%
Triss Merrigold
11%
Marcus Fenix
9%
Ryu Hayabusa
9%
Yoshimitsu
9%
Bloody Baron
8%
Elanor Lamb
8%
Emile
8%
Gravemind
6%
Kasumi
6%
Crypto
5%
Edward Kenway
5%
Johnny Gat
5%
Nightmare
5%
Atriox
3%
Glitch
3%
Jack of Blades
3%
Subject Delta
2%
No matching quizzes found
Score Distribution
Percent of People with Each Score
Percentile by Number Answered
Your Score History
You have not taken this quiz